Statistics for NBA 2015-16 - Top 5 Players By Team - By Assists Per Game

Click here to take the quiz!

General Stats

  • This quiz has been taken 49 times
    (47 since last reset)
  • The average score is 86 of 150

Answer Stats

HintAssists% Correct
Golden State WarriorsDraymond Green
100%
Los Angeles ClippersJeff Green
100%
Golden State WarriorsStephen Curry
100%
San Antonio SpursKawhi Leonard
97%
Oklahoma City ThunderKevin Durant
97%
Portland Trail BlazersMeyers Leonard
97%
Oklahoma City ThunderRussell Westbrook
97%
San Antonio SpursTony Parker
97%
Los Angeles ClippersChris Paul
95%
Houston RocketsJames Harden
95%
Cleveland CavaliersLeBron James
95%
San Antonio SpursManu Ginobili
95%
Los Angeles ClippersBlake Griffin
92%
Cleveland CavaliersKyrie Irving
92%
Memphis GrizzliesMarc Gasol
92%
Chicago BullsPau Gasol
92%
Portland Trail BlazersDamian Lillard
89%
Chicago BullsDerrick Rose
89%
Toronto RaptorsKyle Lowry
89%
San Antonio SpursPatty Mills
89%
Toronto RaptorsDeMar DeRozan
86%
Dallas MavericksDeron Williams
86%
Miami HeatDwyane Wade
86%
Miami HeatGoran Dragic
86%
Boston CelticsIsaiah Thomas
86%
Los Angeles LakersLou Williams
86%
Milwaukee BucksMichael Carter-Williams
86%
Cleveland CavaliersMo Williams
86%
Indiana PacersPaul George
86%
Sacramento KingRajon Rondo
86%
San Antonio SpursTim Duncan
86%
Sacramento KingDeMarcus Cousins
84%
Philadelphia 76ersIsh Smith
84%
Brooklyn NetsJarrett Jack
84%
Washington WizardsJohn Wall
84%
Houston RocketsJosh Smith
84%
Charlotte HornetsKemba Walker
84%
Cleveland CavaliersKevin Love
84%
Washington WizardsBradley Beal
81%
New York KnicksCarmelo Anthony
81%
Portland Trail BlazersCJ McCollum
81%
Utah JazzGordon Hayward
81%
Atlanta HawksJeff Teague
81%
Memphis GrizzliesMike Conley
81%
Atlanta HawksAl Horford
78%
Golden State WarriorsAndre Iguodala
78%
Golden State WarriorsAndrew Bogut
78%
Los Angeles LakersD'Angelo Russell
78%
Chicago BullsJimmy Butler
78%
Memphis GrizzliesMatt Barnes
78%
Atlanta HawksPaul Millsap
78%
Minnesota TimberwolvesAndrew Wiggins
76%
Phoenix SunsEric Bledsoe
76%
Toronto RaptorsJames Johnson
76%
Miami HeatJoe Johnson
76%
Minnesota TimberwolvesKarl-Anthony Towns
76%
Golden State WarriorsShaun Livingston
76%
Charlotte HornetsNicolas Batum
73%
Detroit PistonsReggie Jackson
73%
Minnesota TimberwolvesRicky Rubio
73%
New Orleans PelicansEric Gordon
70%
New Orleans PelicansJrue Holiday
70%
Los Angeles LakersKobe Bryant
70%
Houston RocketsPatrick Beverley
70%
Houston RocketsTrevor Ariza
70%
Boston CelticsAvery Bradley
68%
Brooklyn NetsBrook Lopez
68%
Memphis GrizzliesZach Randolph
68%
Oklahoma City ThunderDion Waiters
65%
Indiana PacersGeorge Hill
65%
New Orleans PelicansTyreke Evans
65%
Orlando MagicVictor Oladipo
65%
Boston CelticsEvan Turner
62%
Milwaukee BucksGiannis Antetokounmpo
62%
Charlotte HornetsJeremy Lin
62%
Los Angeles LakersJordan Clarkson
62%
Boston CelticsMarcus Smart
62%
Minnesota TimberwolvesZach LaVine
62%
Orlando MagicElfrid Payton
59%
Denver NuggetsEmmanuel Mudiay
59%
Portland Trail BlazersMason Plumlee
59%
Indiana PacersMonta Ellis
59%
Sacramento KingRudy Gay
59%
Detroit PistonsTobias Harris
59%
Phoenix SunsBrandon Knight
57%
Charlotte HornetsCourtney Lee
57%
Denver NuggetsDanilo Gallinari
57%
Portland Trail BlazersAl-Farouq Aminu
54%
Miami HeatChris Bosh
54%
Atlanta HawksDennis Schroder
54%
Chicago BullsJoakim Noah
54%
Detroit PistonsMarcus Morris
54%
Washington WizardsMarkieff Morris
54%
Brooklyn NetsThaddeus Young
54%
Phoenix SunsDevin Booker
51%
Los Angeles ClippersJamal Crawford
51%
Detroit PistonsKentavious Caldwell-Pope
51%
Utah JazzTrey Burke
51%
Dallas MavericksWesley Matthews
51%
Orlando MagicNikola Vucevic
49%
Dallas MavericksRaymond Felton
49%
Minnesota TimberwolvesTyus Jones
49%
Dallas MavericksJJ Barea
46%
New York KnicksJose Calderon
46%
Atlanta HawksKent Bazemore
46%
Utah JazzRodney Hood
46%
Dallas MavericksChandler Parsons
43%
Sacramento KingDarren Collison
43%
Milwaukee BucksKhris Middleton
43%
Indiana PacersTy Lawson
43%
Toronto RaptorsCory Joseph
38%
Cleveland CavaliersMattew Dellavedova
38%
Boston CelticsJared Sullinger
35%
Philadelphia 76ersNerlens Noel
35%
Utah JazzRaul Neto
32%
Denver NuggetsWill Barton
30%
Denver NuggetsJameer Nelson
27%
Milwaukee BucksJerryd Bayless
27%
Toronto RaptorsPatrick Patterson
27%
Orlando MagicBrandon Jennings
24%
Phoenix SunsPJ Tucker
24%
Oklahoma City ThunderRandy Foye
22%
New York KnicksArron Afflalo
19%
Oklahoma City ThunderCameron Payne
19%
New York KnicksJerian Grant
19%
New Orleans PelicansNorris Cole
19%
Denver NuggetsD.J. Augustin
16%
Houston RocketsJason Terry
16%
Sacramento KingMarco Belinelli
16%
Utah JazzShelvin Mack
16%
Philadelphia 76ersTJ McConnell
16%
Milwaukee BucksGreivis Vasquez
14%
Memphis GrizzliesJordan Farmar
14%
Indiana PacersRodney Stuckey
14%
Detroit PistonsSteve Blake
14%
New Orleans PelicansTim Frazier
14%
Los Angeles LakersMarcelo Huertas
11%
Chicago BullsAaron Brooks
8%
Washington WizardsJared Dudley
8%
Philadelphia 76ersNik Stauskas
8%
Los Angeles ClippersPablo Prigioni
8%
Washington WizardsRamon Sessions
8%
Brooklyn NetsShane Larkin
8%
Orlando MagicCJ Watson
3%
Brooklyn NetsDonald Sloan
3%
New York KnicksLangston Galloway
3%
Charlotte HornetsSpencer Hawes
3%
Miami HeatBriante Weber
0%
Philadelphia 76ersKendall Marshall
0%
Phoenix SunsRonnie Price
0%

Score Distribution

Percentile by Number Answered

Percent of People with Each Score

Your Score History

You have not taken this quiz since the last reset